|
|
|
|
| LEADER |
00000nab a2200000uu 4500 |
| 001 |
vtls011442615 |
| 003 |
SK-MaSNL |
| 005 |
20260303125851.0 |
| 008 |
230218|1960 xo |||||||||||||||||slo| |
| 015 |
|
|
|a SNBRB
|
| 035 |
|
|
|a (urnnbn)urn:nbn:sk:snk:ar-0032y5
|
| 035 |
|
|
|a (uuid)fcd9eada-0551-4128-9a59-a4eb2cc4dff6
|
| 035 |
|
|
|a urn:nbn:sk:snk-abcgla
|
| 040 |
|
|
|a SNKBUCL
|b slo
|c SNKBUCL
|e AACR2
|
| 041 |
0 |
|
|a slo
|
| 044 |
|
|
|a xo
|c SK
|
| 100 |
1 |
|
|a Holotíková, Zdenka,
|d 1928-
|4 aut
|9 124405
|
| 245 |
1 |
0 |
|a KSČ V ROKOCH 1921-1929
|c Z. Holotíková
|
| 773 |
0 |
|
|t Čitateľ : mesačník pre prácu s čitateľmi
|g Roč. 9, č. 12 (1960), s. 509-510
|
| 954 |
|
|
|a odborná, vedecká literatúra pôvodná (slovenská)
|2 lita
|
| 958 |
|
|
|a OND
|
| 958 |
|
|
|a EUIPO
|
| 958 |
|
|
|a article16
|
| 999 |
|
|
|c 1936780
|d 1938710
|